Práctica de electricidad en la marina / (Record no. 134295)

MARC details
000 -LEADER
campo de control de longitud fija 00909nam a2200253 i 4500
001 - NÚMERO DE CONTROL
campo de control 134295
003 - IDENTIFICADOR DE NÚMERO DE CONTROL
campo de control ES-MaACL
005 - FECHA Y HORA DE LA ÚLTIMA TRANSACCIÓN
campo de control 20230906194637.0
007 - CAMPO FIJO DE DESCRIPCIÓN FÍSICA--INFORMACIÓN GENERAL
campo de control de longitud fija t|
008 - DATOS DE LONGITUD FIJA--INFORMACIÓN GENERAL
campo de control de longitud fija 070907s1965 sp ||||1| spa d
100 1# - ENTRADA PRINCIPAL--NOMBRE DE PERSONA
Nombre de persona Watson, G. O.
9 (RLIN) 116185
245 10 - MENCIÓN DEL TÍTULO
Título Práctica de electricidad en la marina /
Mención de responsabilidad, etc. G. O. Watson ; capítulos por R. A. Harvey, R. V. Mills, H. R. Ruff ; traducción... por Daniel Santano León ; revisada por Federio Piera Costa.
260 ## - PUBLICACIÓN, DISTRIBUCIÓN, ETC.
Lugar de publicación, distribución, etc. Barcelona :
Nombre del editor, distribuidor, etc. Ed. Hispanoamericana,
Fecha de publicación, distribución, etc. [1965]
300 ## - DESCRIPCIÓN FÍSICA
Extensión 464 p. :
Otras características físicas il. ;
Dimensiones 23 cm.
490 1# - MENCIÓN DE SERIE
Mención de serie Biblioteca naútica UTHEA
700 1# - ENTRADA AGREGADA--NOMBRE PERSONAL
Nombre de persona Harvey, R. A.
9 (RLIN) 62020
700 1# - ENTRADA AGREGADA--NOMBRE PERSONAL
Nombre de persona Mills, R. V.
9 (RLIN) 81285
700 1# - ENTRADA AGREGADA--NOMBRE PERSONAL
Nombre de persona Ruff, H. R.
9 (RLIN) 100542
700 1# - ENTRADA AGREGADA--NOMBRE PERSONAL
Nombre de persona Santano y León, Daniel.
9 (RLIN) 181683
700 1# - ENTRADA AGREGADA--NOMBRE PERSONAL
Nombre de persona Piera Costa, Federico.
9 (RLIN) 91926
830 0# - PUNTO DE ACCESO ADICIONAL DE SERIE-TÍTULO UNIFORME
Título uniforme Biblioteca naútica UTHEA
9 (RLIN) 219835
852 ## - LOCALIZACIÓN
Ubicación ES-MaACL
Número de control de estantería C-29248
Sublocalización o colección R.59630
Holdings
Estatus retirado Estado de pérdida Estado de daño No para préstamo Biblioteca de origen Biblioteca actual Ubicación en estantería Fecha de adquisición Fuente de adquisición Total de préstamos Signatura topográfica completa Código de barras Visto por última vez Precio de reemplazo Tipo de ítem Koha
        Biblioteca del Ateneo de Madrid Biblioteca del Ateneo de Madrid Depósito 2 17/01/2008     C-29248 1139789 23/02/2023 23/02/2023 Libro impreso